Fundamentals of Textile Dyeing (Record no. 52306)

MARC details
000 -LEADER
fixed length control field 00531nam a22001937a 4500
003 - CONTROL NUMBER IDENTIFIER
control field OSt
008 - FIXED-LENGTH DATA ELEMENTS--GENERAL INFORMATION
fixed length control field 260625b |||||||| |||| 00| 0 eng d
020 ## - INTERNATIONAL STANDARD BOOK NUMBER
International Standard Book Number 9789391734442
082 ## - DEWEY DECIMAL CLASSIFICATION NUMBER
Classification number 746.6
Item number S61F
100 ## - MAIN ENTRY--PERSONAL NAME
Personal name Singh, Saroj S. Jeet
245 ## - TITLE STATEMENT
Title Fundamentals of Textile Dyeing
Statement of responsibility, etc. Singh, Saroj S. Jeet
260 ## - PUBLICATION, DISTRIBUTION, ETC. (IMPRINT)
Place of publication, distribution, etc New Delhi
Name of publisher, distributor, etc TTPP, New Delhi
Date of publication, distribution, etc 2022
300 ## - PHYSICAL DESCRIPTION
Extent 175p.
365 ## - TRADE PRICE
Price note 1595.00, INR
650 ## - SUBJECT ADDED ENTRY--TOPICAL TERM
Topical term or geographic name as entry element Textile dyeing.
650 ## - SUBJECT ADDED ENTRY--TOPICAL TERM
Topical term or geographic name as entry element Dyes and dyeing $x Textile fibers.
650 ## - SUBJECT ADDED ENTRY--TOPICAL TERM
Topical term or geographic name as entry element Textile chemistry.
942 ## - ADDED ENTRY ELEMENTS (KOHA)
Source of classification or shelving scheme
Koha item type Books
Holdings
Withdrawn status Lost status Source of classification or shelving scheme Damaged status Not for loan Home library Current library Shelving location Date acquired Source of acquisition Currency Cost, normal purchase price Total Checkouts Full call number Barcode Date last seen Bill Date Koha item type Public note Bill Number
          Dr. Rajendra Prasad Central Agricultural University Pusa, Dr. Rajendra Prasad Central Agricultural University Pusa, General Stacks 25/06/2026 TTPP, New Delhi INR 1595.00   746.6 S61F 87737 25/06/2026 29/01/2026 Books Textile Invoice- IN-00449
          Dr. Rajendra Prasad Central Agricultural University Pusa, Dr. Rajendra Prasad Central Agricultural University Pusa, General Stacks 25/06/2026 TTPP, New Delhi INR 1595.00   746.6 S61F 87738 25/06/2026 29/01/2026 Books Textile Invoice- IN-00449
          Dr. Rajendra Prasad Central Agricultural University Pusa, Dr. Rajendra Prasad Central Agricultural University Pusa, General Stacks 25/06/2026 TTPP, New Delhi INR 1595.00   746.6 S61F 87739 25/06/2026 29/01/2026 Books Textile Invoice- IN-00449
Hosted, Implemented, Customized & Maintained by: BestBookBuddies

Powered by Koha